| 000 | 00433nam a22001817a 4500 | ||
|---|---|---|---|
| 003 | koha_MIRAKIL | ||
| 005 | 20231213095419.0 | ||
| 008 | 231213b |||||||| |||| 00| 0 ||| d | ||
| 020 | _b9-75510214-0 | ||
| 040 |
_aTR-IsEVY _btur _cTR-IsEVY |
||
| 082 | _a810 BAU/S | ||
| 100 | _aBAUM, L. FRANK. | ||
| 245 | 0 | _aSİHİRBAZ OZ. | |
| 260 |
_bCAN ÇOCUK, _c1990 |
||
| 300 | _a[ ] p. | ||
| 650 | _aTürk Edebiyatı. | ||
| 942 |
_2ddc _cBK |
||
| 999 |
_c3216 _d3216 |
||